000 02561nam a22003377a 4500
005 20100512120049.0
008 100512t xxu||||| |||| 00| 0 eng d
010 _aB-422495-503
020 _a9788190398183
_c750.00
035 _aB-422495-503
037 _bInfotrack Library Solution
040 _adpl
_bEnglish
082 _a883.09
100 _aMore, D.R.
_926317
245 _aThe novels on the Indian partition /
_cby D.R. More
260 _aJaipur
_bShruti Publications
_c2008
270 _a50-Ka-5, Jyoti Nagar,
_bJaipur
_e302005
300 _aix, 273p.
_c24cm(Hb)
500 _aIncludes bibliographical references
942 _2ddc
_cEN
_mMOR
_h883.09
999 _c35973
_d35973